Tourism marketing in Western Europe /

This book looks at contemporary marketing tools utilised by various Western-European countries. It presents case studies on how tourism marketing in this region has been handled and evolved in an era of contradictory forces such as competitiveness versus sustainability, locality versus globalisation...

Full description

Bibliographic Details
Other Authors: Boukas, Nikolaos (Editor), Stylidis, Dimitrios (Editor)
Format: eBook
Language:English
Published: Wallingford, Oxfordshire : CABI, [2022]
Series:CABI regional tourism series.
Subjects:
Online Access:Connect to the full text of this electronic book.

MARC

Tag First Indicator Second Indicator Subfields
LEADER 00000cam a2200000 c 4500
001 in00004722011
008 211113s2022 enkab ob 001 0 eng d
006 m o d
007 cr cn|||||||||
005 20230714192338.2
035 |a (OCoLC)on1285171468 
040 |a EBLCP  |b eng  |e rda  |e pn  |c EBLCP  |d YDX  |d CUV  |d OCLCF  |d UKAHL  |d OCLCO  |d EBLCP  |d N$T  |d OCLCO  |d OCLCQ 
019 |a 1285253236  |a 1285273096  |a 1285448749  |a 1285490976 
020 |a 9781789248777  |q electronic bk. 
020 |a 1789248779  |q electronic bk. 
020 |a 1789248760  |q electronic bk. 
020 |a 9781789248760  |q (electronic bk.) 
020 |z 9781789248753 
020 |z 1789248752 
035 |a (OCoLC)1285171468  |z (OCoLC)1285253236  |z (OCoLC)1285273096  |z (OCoLC)1285448749  |z (OCoLC)1285490976 
043 |a ew----- 
060 4 |a G 155.E85  |b T7277 2022eb 
245 0 0 |a Tourism marketing in Western Europe /  |c edited by Nikolaos Boukas and Dimitrios Stylidis. 
264 1 |a Wallingford, Oxfordshire :  |b CABI,  |c [2022] 
264 4 |c ©2022 
300 |a 1 online resource :  |b illustrations, maps 
336 |a text  |b txt  |2 rdacontent 
337 |a computer  |b c  |2 rdamedia 
338 |a online resource  |b cr  |2 rdacarrier 
490 1 |a CABI regional tourism series 
504 |a Includes bibliographical references and index. 
520 |a This book looks at contemporary marketing tools utilised by various Western-European countries. It presents case studies on how tourism marketing in this region has been handled and evolved in an era of contradictory forces such as competitiveness versus sustainability, locality versus globalisation, maturity versus new product development. 
588 |a Description based on online resource; title from PDF title page (CAB eBooks, viewed on November 29, 2021) 
650 0 |a Tourism  |z Europe, Western  |x Marketing. 
650 0 |a Tourism  |z Europe, Western. 
650 2 |a Tourism. 
651 2 |a Europe. 
700 1 |a Boukas, Nikolaos,  |e editor. 
700 1 |a Stylidis, Dimitrios,  |e editor. 
830 0 |a CABI regional tourism series. 
856 4 0 |u http://proxy.library.tamu.edu/login?url=http://dx.doi.org/10.1079/9781789248753.0000  |z Connect to the full text of this electronic book.  |t 0 
994 |a Z0  |b TMV 
948 |h HELD BY TMV - 51 OTHER HOLDINGS 
999 f f |s 5cb56de4-9e02-4803-a81f-f8af32ee58d5  |i e5e2c51e-c0f4-42eb-af3f-0a0cc83cb53b  |t 0 
952 f f |a Texas A&M University  |b College Station  |c Electronic Resources  |d Available Online  |t 0  |e G 155.E85 T7277 2022eb  |h National Library of Medicine classification 
998 f f |a G 155.E85 T7277 2022eb  |t 0  |l Available Online